| 000 | 00752nam a2200229 i 4500 | ||
|---|---|---|---|
| 003 | DO-SdBNP | ||
| 005 | 20260305122416.0 | ||
| 007 | ta | ||
| 008 | 111003s1987 000 spa d | ||
| 040 |
_aDO-SdBNP _bspa _cBNPHU _erda |
||
| 041 | _aspa | ||
| 082 |
_axxx _bN971 _222 |
||
| 245 | 0 |
_aNumismatica de Israel : _b20 aniversario reunificación de Jerusalen Museo numismatico y filatélico, Instituto Cultural Dominico-Israelí |
|
| 264 |
_aSanto Domingo : _bBanco Central de la República, _c1987. |
||
| 300 |
_a82 páginas : _bilustraciones ; _c25 cm |
||
| 336 |
_ardacontent _btexto _2txt |
||
| 337 |
_ardamedia _bsin mediación _2n |
||
| 338 |
_ardacarrier _bvolumen _2nc |
||
| 590 | _aInventar4iado, 2026/DG | ||
| 910 | _aDG | ||
| 942 |
_2ddc _cLBS1 |
||
| 999 |
_c33811 _d33811 |
||